[Event "Vladivostok op"]
[Site "Vladivostok"]
[Date "2011.03.30"]
[Round "5"]
[White "Tsigankov, Vladimir"]
[Black "Borodatov, Sergey"]
[Result "0-1"]
[WhiteElo "1870"]
[BlackElo "1966"]
[PlyCount "104"]
[EventDate "2011.03.26"]
[EventType "swiss"]
[EventRounds "9"]
[EventCountry "RUS"]
[SourceTitle "CBM 141 Extra"]
[Source "ChessBase"]
[SourceDate "2011.05.03"]
[SourceVersion "1"]
[SourceVersionDate "2011.05.03"]
[SourceQuality "1"]

1. d4 e6 2. e3 Nf6 3. Bd3 g6 4. Nd2 Bg7 5. f4 Nc6 6. c3 d6 7. e4 0-0 8. Ndf3 Ne8 9. Ne2 f5 10. e5 d5 11. h4 h5 12. Ng5 Bh6 13. Ng3 Ng7 14. a3 a6 15. Nf1 Qe8 16. Ne3 Bxg5 17. hxg5 Ne7 18. Qc2 Bd7 19. c4 dxc4 20. Bxc4 c6 21. Bd2 Nd5 22. g3 Ne7 23. Bb4 b6 24. Bd6 Rf7 25. Ba2 Nc8 26. d5 Nxd6 27. dxe6 Bxe6 28. Bxe6 Nxe6 29. exd6 Nxf4 30. Kf2 Ne6 31. Rhe1 Nxg5 32. Nc4 Ne4+ 33. Kg1 Rd8 34. Nd2 Rxd6 35. Nxe4 fxe4 36. Rxe4 Qd7 37. Re2 c5 38. Rae1 Qc6 39. Kh2 Rdf6 40. Rd1 Qf3 41. Rdd2 Qf1 42. Rg2 Kh7 43. Rd5 Kg7 44. Qc3 Qf3 45. Rd3 Qg4 46. Qe1 Qf5 47. Re3 Qf1 48. Qc3 Qf5 49. Qe1 Qd7 50. Rd2 Qxd2+ 51. Qxd2 Rf2+ 52. Qxf2 Rxf2+ 0-1

[Event "Vladivostok op"]
[Site "Vladivostok"]
[Date "2011.03.28"]
[Round "3"]
[White "Li, Albert"]
[Black "Borodatov, Sergey"]
[Result "1-0"]
[WhiteElo "2012"]
[BlackElo "1966"]
[PlyCount "115"]
[EventDate "2011.03.26"]
[EventType "swiss"]
[EventRounds "9"]
[EventCountry "RUS"]
[SourceTitle "CBM 141 Extra"]
[Source "ChessBase"]
[SourceDate "2011.05.03"]
[SourceVersion "1"]
[SourceVersionDate "2011.05.03"]
[SourceQuality "1"]

1. d4 d5 2. Nf3 Nf6 3. c4 c6 4. Nc3 e6 5. e3 Nbd7 6. Bd2 dxc4 7. Bxc4 Nb6 8. Bb3 Be7 9. 0-0 0-0 10. e4 Bb4 11. Bg5 h6 12. Bxf6 Qxf6 13. e5 Qd8 14. Ne4 Nd5 15. Bc2 b6 16. Qd3 g6 17. a3 Be7 18. Nfd2 Bb7 19. Rfd1 Kg7 20. g3 Rc8 21. h4 h5 22. Qf3 c5 23. Bb3 cxd4 24. Nc4 Nc7 25. Qf4 Bxe4 26. Qxe4 Qd5 27. Qxd4 Rfd8 28. Qf4 Qa8 29. Nd6 Bxd6 30. exd6 Na6 31. Qe5+ Kh7 32. Qf6 Qb7 33. Rd4 Nc5 34. Bd1 Rf8 35. Bf3 Qd7 36. Rad1 Nb3 37. Rb4 Nc5 38. g4 hxg4 39. Rxg4 Qd8 40. Qd4 Nd7 41. h5 e5 42. hxg6+ fxg6 43. Qd3 Qf6 44. Be4 Rg8 45. Qh3+ Kg7 46. Bxg6 Rh8 47. Qg3 Rcg8 48. Bf5+ Kf8 49. Bxd7 Rxg4 50. Bxg4 Qh6 51. Qf3+ Kg7 52. Qb7+ Kg8 53. Qc8+ Kg7 54. Qd7+ Kg6 55. Qf5+ Kg7 56. Qxe5+ Kg6 57. Bf5+ Kg5 58. f4+ 1-0

[Event "Primorie-ch Boys/Girls U16"]
[Site "Lesozavodsk"]
[Date "2010.07.03"]
[Round "11"]
[White "Kapkan, Evgeniy"]
[Black "Borodatov, Sergey"]
[Result "1-0"]
[WhiteElo "1964"]
[BlackElo "1991"]
[PlyCount "55"]
[EventDate "2010.06.25"]
[EventType "swiss"]
[EventRounds "11"]
[EventCountry "RUS"]
[SourceTitle "EXT 2022"]
[Source "ChessBase"]
[SourceDate "2021.10.06"]
[SourceVersion "1"]
[SourceVersionDate "2021.10.06"]
[SourceQuality "1"]

1. d4 d5 2. Nf3 Nf6 3. e3 c6 4. Bd3 Bg4 5. Nbd2 e6 6. Qe2 Bd6 7. 0-0 Qc7 8. h3 Bh5 9. e4 dxe4 10. Nxe4 Nxe4 11. Bxe4 Nd7 12. c4 Nf6 13. Bc2 Rd8 14. Bb3 0-0 15. Bg5 Be7 16. Qe5 Bd6 17. Qe3 Be7 18. Rad1 h6 19. Bh4 Nh7 20. Bxe7 Qxe7 21. d5 cxd5 22. cxd5 Qf6 23. dxe6 Rxd1 24. Rxd1 Ng5 25. exf7+ Nxf7 26. Rd7 Kh7 27. Rxb7 Qxb2 28. Rxa7 1-0

[Event "Primorie-ch Boys/Girls U16"]
[Site "Lesozavodsk"]
[Date "2010.06.25"]
[Round "1"]
[White "Borodatov, Sergey"]
[Black "Babich, Mikhail"]
[Result "1/2-1/2"]
[WhiteElo "1991"]
[BlackElo "2041"]
[PlyCount "75"]
[EventDate "2010.06.25"]
[EventType "swiss"]
[EventRounds "11"]
[EventCountry "RUS"]
[SourceTitle "EXT 2022"]
[Source "ChessBase"]
[SourceDate "2021.10.06"]
[SourceVersion "1"]
[SourceVersionDate "2021.10.06"]
[SourceQuality "1"]

1. e4 e6 2. d4 d5 3. exd5 exd5 4. Nf3 Bd6 5. Bd3 Nf6 6. Qe2+ Qe7 7. Qxe7+ Bxe7 8. Bf4 c6 9. Nbd2 0-0 10. h3 Re8 11. 0-0 Nbd7 12. c3 b6 13. Rfe1 Bb7 14. Re2 g6 15. Rae1 Bf8 16. Ne5 Nxe5 17. Bxe5 Nd7 18. Bf4 Rxe2 19. Rxe2 f6 20. Nf3 Kf7 21. g4 Bg7 22. g5 f5 23. Ne5+ Bxe5 24. Bxe5 Re8 25. f4 Nf8 26. Kf2 Ne6 27. b4 b5 28. a3 Ra8 29. Ra2 a5 30. Bb1 axb4 31. axb4 Rxa2+ 32. Bxa2 Bc8 33. Bb1 Bb7 34. Ba2 Bc8 35. Bb1 Bd7 36. Ba2 Bc8 37. Bb1 Bb7 38. Ba2 1/2-1/2